000 00245nam a2200097 4500
082 0 _a966
245 1 0 _aThe nationalist movement in sudan
260 _aKhartoum
_bInstitute of African and Asian Studies
_cc.1989
300 _a438 p.
942 _2ddc
_cBK
999 _c64038
_d64012